000 00553nam a2200205 a 4500
001 12273
003 CO-ViMGA
008 141112s2004 ck r 000 u spa d
020 _a9583600547
040 _aCO-ViMGA
_bspa
_cCO-ViMGA
082 0 4 _aCo861.5 V15r
100 1 _aValencia, Guillermo
_917487
245 1 0 _aRitos
250 _a3
260 _aBogotá,
_cEl Ancora Editores,
_c1998
300 _a243 p.
590 _aForma de adquisición : canje - - Proveedor : Bib. Luis Ángel Arango
650 1 4 _aPOESIA COLOMBIANA
_91069
942 _2ddc
_cBK
999 _c23285
_d23285